Doce cuentos peregrinos

Sparad:
Bibliografiska uppgifter
Huvudupphovsman: García Márquez, Gabriel (Författare, medförfattare)
Materialtyp: Bok
Språk:spanska
Publicerad: Buenos Aires Debolsillo 2009
Upplaga:15a. ed
Serie:Contemporánea
Ämnen:
Taggar: Lägg till en tagg
Inga taggar, Lägg till första taggen!

MARC

LEADER 00000nam a2200000 a 4500
001 UCG6698
003 CL-VaPUC
008 110512e20090100AG |||||||||||||||||spa|d
020 |a 9871138091 
082 0 4 |a 863  |b GAR  |2 21 
100 0 |a García Márquez, Gabriel  |e author  |9 318478 
245 1 0 |a Doce cuentos peregrinos 
250 |a 15a. ed 
300 |a 221 p 
942 |c BK 
945 |d 20110512 00:00:00  |a jcampos 
260 |a Buenos Aires  |b Debolsillo  |c 2009 
650 0 |a Narrativa hispanoamericana  |9 552155 
650 0 |a Cuentos colombianos   |9 317132 
583 |a last modification  |c 20110512 00:00:00  |k Rodrigo Vera 
490 0 |a Contemporánea 
999 |c 344849  |d 344847 
952 |0 0  |1 0  |4 0  |6 863_000000000000000_GAR_2009  |7 0  |8 C  |9 443171  |a BIBCUR  |b BIBCUR  |d 2019-11-22  |i 4776313  |l 1  |o 863 GAR 2009  |p 4776313  |r 2025-04-22  |s 2024-03-12  |w 2019-11-22  |y BK  |k CAC